| 000 | 00757nam a2200241 i 4500 | ||
|---|---|---|---|
| 001 | 178087 | ||
| 003 | ES-MaACL | ||
| 005 | 20250801201906.0 | ||
| 007 | t| | ||
| 008 | 110517s1961 sp r ||||1| spa d | ||
| 080 | _a2-12 | ||
| 100 | 1 |
_aSchultze, Bernard. _9146565 |
|
| 245 | 1 | 3 |
_aTeología latina y teología oriental / _cB. Schultze ; [traducción de Joaquín Blázquez]. |
| 260 |
_aBarcelona : _bHerder, _c1961. |
||
| 300 |
_a80 p. ; _c18 cm. |
||
| 490 | 1 |
_aPequeña biblioteca Herder ; _v10 |
|
| 504 | _aBibliografía: p. 67-80. | ||
| 650 | 0 | 7 |
_aTeología _2embne _917457 |
| 700 | 1 |
_aBlázquez, Joaquín. _929440 |
|
| 830 | 0 |
_aPequeña biblioteca Herder ; _v10 _9190720 |
|
| 852 |
_aES-MaACL _jE-15122 _xOlim P-274 |
||
| 999 |
_c178087 _d178087 |
||